000 00369nam a2200133Ia 4500
008 151001s9999||||xx |||||||||||||| ||und||
100 _aद्विवेदी हिमांशु
245 _aबहाव
250 _a1
260 _bप्रभात प्रकाशन दिल्ली
260 _c२०१३
300 _a215
365 _b21
999 _c1001745
_d1001742